| 000 | 00453nam a2200145 4500 | ||
|---|---|---|---|
| 001 | 144822 | ||
| 003 | ES-MaACL | ||
| 007 | t| | ||
| 008 | 070214s1915 xxk r ||||1| eng d | ||
| 100 | 1 |
_aSleight, W. G. _9106780 |
|
| 245 | 1 | 0 |
_aEducational values & methods bases on the principles of the training process / _cby W. G. Sleight. |
| 260 |
_aOxford : _bThe Clarendon Press, _c1915. |
||
| 300 |
_aVIII, 364 p. ; _c20 x 14 cm. |
||
| 852 |
_aES-MaACL _jB-2600 |
||
| 999 |
_c144822 _d144822 |
||